[Event "Asuncion CIT op"]
[Site "Asuncion"]
[Date "2023.08.18"]
[Round "9"]
[White "Da Silva, Leticia Alice"]
[Black "Saucedo, Moises"]
[Result "1-0"]
[WhiteElo "1350"]
[BlackElo "1657"]
[PlyCount "73"]
[EventDate "2023.08.12"]
[EventType "swiss"]
[EventRounds "9"]
[EventCountry "PAR"]
[SourceTitle "CBM 215 Extra"]
[Source "ChessBase"]
[SourceDate "2023.09.30"]
[SourceVersion "1"]
[SourceVersionDate "2023.09.30"]
[SourceQuality "1"]

1. d4 c5 2. dxc5 Qa5+ 3. Nc3 Qxc5 4. e4 a6 5. Nf3 e6 6. Be3 Qa5 7. a3 b5 8. b4 Qc7 9. Qd2 d6 10. Bd3 Bb7 11. 0-0 Nf6 12. Nd4 Be7 13. h3 Nbd7 14. f4 Rc8 15. Nde2 Nb6 16. e5 Nfd5 17. Nxd5 Bxd5 18. Bxb6 Qxb6+ 19. Kh2 Qb7 20. Ng3 dxe5 21. fxe5 Bc4 22. Be4 Bd5 23. Qf4 0-0 24. Bxd5 Qxd5 25. Rad1 Qb7 26. Rd2 Rc4 27. Qf3 Qc7 28. Qe2 a5 29. c3 axb4 30. cxb4 Rc3 31. Qxb5 Bh4 32. Ne4 Re3 33. Rd7 Qb8 34. Rdxf7 Be7 35. Rxf8+ Qxf8 36. Rxf8+ Bxf8 37. Ng5 1-0

[Event "Catarinense-ch U20 Girls"]
[Site "Rio Negrinho"]
[Date "2023.03.25"]
[Round "4"]
[White "Toffoli, Vanessa"]
[Black "Da Silva, Leticia Alice"]
[Result "1-0"]
[WhiteElo "1368"]
[BlackElo "1338"]
[PlyCount "55"]
[EventDate "2023.03.24"]
[EventType "swiss"]
[EventRounds "6"]
[EventCountry "BRA"]
[SourceTitle "CBM 213 Extra"]
[Source "ChessBase"]
[SourceDate "2023.05.31"]
[SourceVersion "1"]
[SourceVersionDate "2023.05.31"]
[SourceQuality "1"]

1. e4 e5 2. f4 exf4 3. Nf3 c5 4. Bc4 Nc6 5. 0-0 Bd6 6. d4 cxd4 7. Nxd4 Bc5 8. c3 Ne5 9. Bb3 g5 10. Nd2 d6 11. Kh1 h5 12. N2f3 Bg4 13. h3 Nxf3 14. Nxf3 Be6 15. Ba4+ Kf8 16. b4 Bb6 17. Bb2 Bc4 18. Re1 Bf2 19. Qd2 Bxe1 20. Qd4 Rh6 21. Qxc4 Rc8 22. Qd4 Bg3 23. c4 g4 24. Qg7+ Ke7 25. Nd4 Rf6 26. Nf5+ Rxf5 27. exf5 gxh3 28. Qg5+ 1-0

[Event "Concordia op 6th"]
[Site "Concordia"]
[Date "2022.10.12"]
[Round "2"]
[White "Da Silva, Leticia Alice"]
[Black "Bitencourt, Lavignia Padilha"]
[Result "1-0"]
[WhiteElo "1312"]
[BlackElo "1800"]
[PlyCount "91"]
[EventDate "2022.10.12"]
[EventType "swiss"]
[EventRounds "9"]
[EventCountry "BRA"]
[SourceTitle "CBM 210 Extra"]
[Source "ChessBase"]
[SourceDate "2022.11.30"]
[SourceVersion "1"]
[SourceVersionDate "2022.11.30"]
[SourceQuality "1"]

1. e4 d5 2. exd5 Qxd5 3. Nc3 Qd8 4. d4 Nf6 5. Bc4 Bf5 6. Nf3 e6 7. a3 h6 8. 0-0 Bd6 9. h3 Nc6 10. Re1 0-0 11. Be3 Re8 12. d5 Na5 13. Ba2 c6 14. b4 Nc4 15. Bxc4 exd5 16. Bb3 Ne4 17. Nxe4 dxe4 18. Nd4 Be6 19. Nxe6 Rxe6 20. Bxe6 fxe6 21. Qg4 Qc8 22. Bxh6 Qd7 23. Bf4 Bxf4 24. Qxf4 Qd4 25. Qxe4 Qxe4 26. Rxe4 Re8 27. Rd1 e5 28. Rd7 b5 29. Rxa7 Kf8 30. Rc7 Re6 31. c4 bxc4 32. Rxc4 e4 33. R7xc6 Ke7 34. Rxe6+ Kxe6 35. Rxe4+ Kd5 36. Rg4 g6 37. Rxg6 Kc4 38. Kf1 Kb3 39. b5 Ka4 40. b6 Kxa3 41. b7 Kb3 42. b8Q+ Kc4 43. Rd6 Kc5 44. Qc7+ Kb5 45. Rb6+ Ka5 46. Qa7# 1-0

[Event "Concordia op 6th"]
[Site "Concordia"]
[Date "2022.10.12"]
[Round "1"]
[White "Tomiello, Lucas Costamilan"]
[Black "Da Silva, Leticia Alice"]
[Result "1-0"]
[WhiteElo "2185"]
[BlackElo "1312"]
[PlyCount "69"]
[EventDate "2022.10.12"]
[EventType "swiss"]
[EventRounds "9"]
[EventCountry "BRA"]
[SourceTitle "CBM 210 Extra"]
[Source "ChessBase"]
[SourceDate "2022.11.30"]
[SourceVersion "1"]
[SourceVersionDate "2022.11.30"]
[SourceQuality "1"]

1. e4 e5 2. Nf3 Nc6 3. Bb5 Nf6 4. d3 Bc5 5. Bxc6 dxc6 6. Nbd2 0-0 7. h3 b5 8. Qe2 Re8 9. Nb3 Bb6 10. Be3 Nd7 11. 0-0 c5 12. a4 bxa4 13. Rxa4 Bb7 14. Rfa1 Bc6 15. R4a3 Qe7 16. Nfd2 Bb5 17. Na5 Nb8 18. f3 Bd7 19. Qf2 Nc6 20. Nxc6 Bxc6 21. Nb3 c4 22. dxc4 Bxe3 23. Qxe3 Qb4 24. Qc5 Qxc5+ 25. Nxc5 h6 26. Rxa7 Rac8 27. Kf2 Red8 28. Ke3 Rd6 29. Nd3 f6 30. R1a5 Be8 31. Ra8 Rxa8 32. Rxa8 Kf7 33. Ra7 Rc6 34. c5 Bd7 35. b4 1-0